| 000 | 00478nam a2200145 a 4500 | ||
|---|---|---|---|
| 008 | 120416s0000 ||||||||||||||||| || u | ||
| 020 | _a0571086160 | ||
| 050 | _aPR 6060.A3.D3 Jac | ||
| 100 | _aJackman, Stuart Brooke | ||
| 245 | 1 | 4 | _aThe Davidson affair |
| 260 |
_aLondon _bFaber and Faber _c1966 |
||
| 300 | _a181p. | ||
| 350 | _a0.00 | ||
| 995 |
_D0.00 _FCBU-MAIN LIBRARY (Kitwe) _H1 _I2.75 _M1 _UAVAILABLE _ZFiction Collection |
||
| 999 |
_c39436 _d39436 |
||